NBA Player By Nickname - Statistics

General Stats
  • This quiz has been taken 94 times
  • The average score is 23 of 34
Answer Stats
Nickname Player % Correct
Black Mamba Kobe Bryant
100%
Greek Freak Giannis Antetokounmpo
99%
The King LeBron James
98%
Dame Time Damian Lillard
93%
Doctor J Julius Erving
92%
The Beard James Harden
87%
His Airness Michael Jordan
87%
The Brow Anthony Davis
86%
The Answer Allen Iverson
85%
Magic Earvin Johnson
84%
Diesel Shaquille O'Neal
84%
The Mailman Karl Malone
82%
Slim Reaper Kevin Durant
82%
The Logo Jerry West
81%
The Dream Hakeem Olajuwon
76%
The Claw Kawhi Leonard
75%
Chef Stephen Curry
72%
Penny Anfernee Hardaway
71%
The Big O Oscar Robertson
71%
Linsanity Jeremy Lin
68%
Big Fundamental Tim Duncan
67%
The Truth Paul Pierce
66%
Pistol Pete Maravich
64%
The Worm Dennis Rodman
62%
The Glove Gary Payton
59%
White Chocolate Jason Williams
56%
Big Ticket Kevin Garnett
54%
Iceman George Gervin
53%
Birdman Chris Andersen
39%
Tiny Nate Archibald
32%
Big Pat Patrick Ewing
32%
Big Dipper Wilt Chamberlain
31%
The Finnisher Lauri Markkanen
24%
Clyde Walt Frazier
15%
No matching quizzes found
Score Distribution
Percent of People with Each Score
Percentile by Number Answered
Your Score History
You have not taken this quiz